000 00848nam a2200217 a 4500
001 BRCA_1241
005 20190320203336.0
008 931206s1993 nmua---##b---#001-0#eng-d
020 _a0890132534 (CB)
050 4 _aNK1650
_b.E34 1993
100 1 _aEgan, Martha J.
_94080
245 1 0 _aRelicarios
_bdevotional miniatures from the Americas
_cby Martha J. Egan ; prologue by Teresa Gisbert ; principal photography by Anthony Richardson and Michel Zabé.
260 _aSanta Fe
_bMuseum of New Mexico Press
_c1993
300 _axiii, 130 p.
_bil. a color
_c25 cm.
500 _aIncluye índice alfabético y glosario
504 _aBibliografía : p. 117-126
650 1 4 _aArte cristiano y simbolismo
_zAmérica Latina
_94081
650 1 4 _aReliquias religiosas
_zAmérica Latina
_94082
650 1 4 _aMiniaturas
_zAmérica Latina
_94083
942 _2lcc
_cB
999 _c1111
_d1111